Statistics for Airlines at Stockholm Arlanda airport (ARN)

Click here to take the quiz!

General Stats

  • This quiz has been taken 53 times
  • The average score is 23 of 45

Answer Stats

Answer% Correct
British Airways
100%
SAS
100%
Air France
92%
Emirates
92%
Lufthansa
92%
Ryanair
89%
Delta Airlines
86%
Finnair
84%
Qatar Airways
84%
Iberia
81%
KLM
81%
Swiss Airlines
81%
United Airlines
81%
Norwegian
70%
TAP Air Portugal
70%
Turkish Airlines
70%
Austrian Airlines
68%
LOT Polish Airlines
68%
Air China
65%
Easyjet
62%
Wizz Air
59%
Aegean Airlines
57%
Brussels Airlines
54%
Thai Airways
54%
Air Baltic
51%
Eurowings
46%
Icelandair
46%
Air Serbia
43%
Ethiopian Airlines
35%
Croatia Airlines
27%
Play Airlines
27%
TUI
27%
Luxair
24%
Royal Jordanian
24%
Pegasus Airlines
22%
Vueling Airlines
22%
Sunclass Airlines
19%
Sunexpress
11%
Transavia France
11%
Nouvelair
8%
AIS Airlines
3%
Freebird Airlines
3%
Jonair
3%
Nile Air
3%
Populair
0%

Score Distribution

Percentile by Number Answered

Percent of People with Each Score

Your Score History

You have not taken this quiz